00716nam a22002057a 450000500170000000800410001704000070005804100120006508200220007710000230009924500890012226000590021130000260027036500540029644000130035065000190036365000780038265000250046070000250048520231127162239.0231125b ||||| |||| 00| 0 eng d cAL aEnglish 223a305.420bNAYP aKishori Nayak K Ed aPerspectives on Womens Issues: Reports of Research Projects Undertaken by the Centre aMangalagangotribPrasaranga Mangalore Universityc2010 a120 p.bPBc21x13 cm. a063-065b₹25.00c₹d₹50.00e50%f23-11-2023 aVolume I a Women Studies aReports of Research Projects Undertaken by the Centre during the Xth plan aWomen in Development aNAYAK (Kishori K) Ed